Đà lạt trăm năm = A hundred years history of Dalat

保存先:
書誌詳細
第一著者: Trương Phúc Ân
フォーマット: 図書
言語:Undetermined
出版事項: Dà Lạt Cty Văn hóa Lâm Đồng 1993
主題:
タグ: タグ追加
タグなし, このレコードへの初めてのタグを付けませんか!
Thư viện lưu trữ: Trung tâm Học liệu Trường Đại học Cần Thơ
LEADER 00566nam a2200181Ia 4500
001 CTU_10337
008 210402s9999 xx 000 0 und d
082 |a 915.97 
082 |b Â121 
100 |a Trương Phúc Ân 
245 0 |a Đà lạt trăm năm 
245 0 |b = A hundred years history of Dalat 
245 0 |c Trương Phúc Ân 
260 |a Dà Lạt 
260 |b Cty Văn hóa Lâm Đồng 
260 |c 1993 
650 |a vietnam - dalat - description and travel - guidebooks 
980 |a Trung tâm Học liệu Trường Đại học Cần Thơ